[Event "HUN-chT 2425"]
[Site "Hungary"]
[Date "2024.12.15"]
[Round "4.2"]
[White "Hera, Imre Jr"]
[Black "Pacher, Milan"]
[Result "0-1"]
[WhiteElo "2522"]
[BlackElo "2310"]
[PlyCount "80"]
[EventDate "2024.11.02"]
[EventType "team-tourn"]
[EventRounds "9"]
[EventCountry "HUN"]
[SourceTitle "CB16_2025"]
[SourceDate "2025.04.16"]
[SourceVersion "1"]
[SourceVersionDate "2025.04.16"]
[SourceQuality "1"]
[WhiteTeam "Haladas"]
[BlackTeam "Biatorbagy"]
[WhiteTeamCountry "HUN"]
[BlackTeamCountry "HUN"]

1. Nf3 d5 2. g3 Nd7 3. d4 Nb6 4. Nc3 Nf6 5. a4 a5 6. Bg2 Bf5 7. Nh4 e6 8. Nxf5 exf5 9. 0-0 g6 10. Qd3 Bg7 11. Bg5 0-0 12. e3 c6 13. Ne2 Nbd7 14. b3 Qb6 15. c4 Ne4 16. Be7 Rfe8 17. Ba3 Qa6 18. Rac1 c5 19. Rfd1 cxd4 20. exd4 dxc4 21. bxc4 Nb6 22. f3 Nf6 23. Nf4 Rad8 24. Qb3 g5 25. Nh3 h6 26. Bf1 Nc8 27. c5 Qe6 28. Bc4 Nd5 29. Nf2 Nce7 30. Re1 Qd7 31. Bb2 Rf8 32. Nd3 f4 33. gxf4 gxf4 34. Re4 Kh8 35. Nxf4 Nxf4 36. Rxf4 Ng6 37. Rg4 h5 38. Rg5 Qh3 39. Rd1 Rfe8 40. Bxf7 Re2 0-1

[Event "London Classic op 14th"]
[Site "London"]
[Date "2024.12.01"]
[Round "4"]
[White "Hera, Imre Jr"]
[Black "Badacsonyi, Stanley Ethan Artie"]
[Result "1/2-1/2"]
[WhiteElo "2522"]
[BlackElo "2298"]
[PlyCount "58"]
[EventDate "2024.11.29"]
[EventType "swiss"]
[EventRounds "9"]
[EventCountry "ENG"]
[SourceTitle "CB50_2024"]
[SourceDate "2024.11.01"]
[SourceVersion "1"]
[SourceVersionDate "2024.11.01"]
[SourceQuality "2"]

1. e4 e6 2. d4 d5 3. Nd2 c5 4. Ngf3 cxd4 5. exd5 Qxd5 6. Bc4 Qd6 7. Ne4 Qb4+ 8. Nfd2 Nf6 9. Nxf6+ gxf6 10. 0-0 Nc6 11. c3 Qb6 12. Ne4 Be7 13. Qh5 Bd7 14. Qh6 0-0-0 15. Nxf6 Qc5 16. Bb3 dxc3 17. bxc3 Qf5 18. Nxd7 Rxd7 19. Be3 Rg8 20. Rfd1 Bd6 21. Kh1 Kc7 22. Rd2 Ne5 23. Qf4 Qxf4 24. Bxf4 Nc4 25. Rd4 Nb6 26. Be3 Bc5 27. Bf4+ Bd6 28. Be3 Bc5 29. Bf4+ Bd6 1/2-1/2

[Event "Ljubljana op"]
[Site "Ljubljana"]
[Date "2024.05.02"]
[Round "7"]
[White "Hera, Imre Jr"]
[Black "Marn, Jan"]
[Result "1-0"]
[WhiteElo "2542"]
[BlackElo "2341"]
[PlyCount "131"]
[EventDate "2024.04.27"]
[EventType "swiss"]
[EventRounds "9"]
[EventCountry "SLO"]
[SourceTitle "CBM 220 Extra"]
[Source "ChessBase"]
[SourceDate "2024.07.31"]
[SourceVersion "1"]
[SourceVersionDate "2024.07.31"]
[SourceQuality "1"]

1. Nf3 d5 2. g3 Nc6 3. d4 Bf5 4. Bg2 Nb4 5. Na3 e6 6. 0-0 Nf6 7. c3 Nc6 8. Qb3 Rb8 9. Bg5 Be7 10. Bxf6 Bxf6 11. Nd2 Bg5 12. f4 Bf6 13. Rae1 0-0 14. e4 dxe4 15. Nxe4 Bxe4 16. Bxe4 Ne7 17. Nc4 c5 18. dxc5 Qc7 19. Qa3 b6 20. Rf2 Rfd8 21. Ne3 bxc5 22. Ng4 Rd6 23. Qa4 Rbd8 24. Qc2 h6 25. Qe2 Qd7 26. Nxf6+ gxf6 27. Qg4+ Kf8 28. Qh5 f5 29. Qxh6+ Kg8 30. Qg5+ Kf8 31. Bf3 Rd2 32. Qf6 Rb8 33. b3 c4 34. Bh5 Ng8 35. Rxd2 Nxf6 36. Rxd7 Nxd7 37. bxc4 Nc5 38. Bf3 Rb2 39. Re5 Nd3 40. Ra5 Nf2 41. Bh5 Nh3+ 42. Kf1 Rf2+ 43. Ke1 Rxh2 44. Rxa7 Nf2 45. Rxf7+ Kg8 46. Rd7 Ne4 47. Bf7+ Kf8 48. Bxe6 Nxg3 49. Bd5 Ne2 50. c5 Nxc3 51. c6 Nxd5 52. Rxd5 Rc2 53. Rxf5+ Ke7 54. a4 Rxc6 55. Kd2 Rc4 56. a5 Ra4 57. Ke3 Ke6 58. Rb5 Ra3+ 59. Ke4 Ra4+ 60. Kf3 Ra1 61. f5+ Kf6 62. Ke4 Ra4+ 63. Kd3 Kf7 64. Kc3 Ke7 65. Kb3 Ra1 66. Rd5 1-0

[Event "Ljubljana op"]
[Site "Ljubljana"]
[Date "2024.04.27"]
[Round "1"]
[White "Hera, Imre Jr"]
[Black "Keber, Aljosa"]
[Result "1/2-1/2"]
[WhiteElo "2542"]
[BlackElo "1974"]
[PlyCount "102"]
[EventDate "2024.04.27"]
[EventType "swiss"]
[EventRounds "9"]
[EventCountry "SLO"]
[SourceTitle "CBM 220 Extra"]
[Source "ChessBase"]
[SourceDate "2024.07.31"]
[SourceVersion "1"]
[SourceVersionDate "2024.07.31"]
[SourceQuality "1"]

1. d4 Nf6 2. c4 c5 3. d5 b5 4. cxb5 a6 5. b6 Qxb6 6. Nc3 g6 7. Nf3 Bg7 8. e4 d6 9. Nd2 0-0 10. Nc4 Qc7 11. Be2 Nbd7 12. Bf4 Nb6 13. Ne3 Bd7 14. a4 Rfb8 15. 0-0 Nc8 16. Qc2 Rb4 17. Bg3 Rab8 18. Rab1 Nxe4 19. Nxe4 Bxa4 20. b3 Bxb3 21. Rxb3 Rxb3 22. Bxa6 Rb2 23. Qd3 R2b3 24. Qd1 Ra3 25. Bd3 Ra1 26. Qf3 Rxf1+ 27. Bxf1 Nb6 28. Nd2 Ra8 29. h4 h5 30. Bf4 Ra2 31. Ndc4 Nxc4 32. Bxc4 Ra1+ 33. Kh2 Qd7 34. Qe4 Bf6 35. g3 Kg7 36. Bg5 Bxg5 37. hxg5 Ra7 38. Kg2 Rb7 39. Qc2 Qc7 40. Qc3+ Kh7 41. g4 hxg4 42. Nxg4 Qd8 43. Qh3+ Kg8 44. Nh6+ Kg7 45. Qc3+ f6 46. Ng4 Rb4 47. f3 Kf7 48. Nh6+ Kg7 49. Ng4 Kf7 50. Nh6+ Kg7 51. Ng4 Kf7 1/2-1/2

[Event "HUN-chT 2324"]
[Site "Hungary"]
[Date "2023.10.28"]
[Round "1.3"]
[White "Hera, Imre Jr"]
[Black "Sipos, Istvan"]
[Result "1-0"]
[WhiteElo "2547"]
[BlackElo "2464"]
[PlyCount "73"]
[EventDate "2023.10.28"]
[EventType "team-tourn"]
[EventRounds "9"]
[EventCountry "HUN"]
[SourceTitle "CBM 216 Extra"]
[Source "ChessBase"]
[SourceDate "2023.11.30"]
[SourceVersion "1"]
[SourceVersionDate "2023.11.30"]
[SourceQuality "1"]
[WhiteTeam "Haladas"]
[BlackTeam "Biatorbagy"]
[WhiteTeamCountry "HUN"]
[BlackTeamCountry "HUN"]

1. d4 e6 2. c4 Nf6 3. Nc3 Bb4 4. Bd2 b6 5. e3 Bb7 6. Nf3 c5 7. a3 Bxc3 8. Bxc3 Ne4 9. Rc1 0-0 10. Be2 cxd4 11. Bxd4 Nc6 12. 0-0 Qe7 13. Bc3 Nxc3 14. Rxc3 Rfd8 15. Qc2 Qf6 16. Rd1 Ne7 17. Nd4 d5 18. Bf3 Rac8 19. Ne2 Ba6 20. cxd5 Bxe2 21. Rxc8 Rxc8 22. Qxe2 Nxd5 23. Bxd5 exd5 24. g3 Qe5 25. Rd4 g6 26. Qd2 Rc5 27. b4 Rc4 28. Rxd5 Qa1+ 29. Kg2 Qxa3 30. Rd8+ Kg7 31. Qd5 Rxb4 32. Qe5+ Kh6 33. Rg8 Qb2 34. Qe7 Qb3 35. e4 f6 36. Qg7+ Kg5 37. f4+ 1-0

[Event "HUN-ch Rapid"]
[Site "Ajka"]
[Date "2023.07.23"]
[Round "10"]
[White "Hera, Imre Jr"]
[Black "Karacsonyi, Gellert"]
[Result "1-0"]
[WhiteElo "2547"]
[BlackElo "2386"]
[PlyCount "65"]
[EventDate "2023.07.21"]
[EventType "swiss (rapid)"]
[EventRounds "13"]
[EventCountry "HUN"]
[SourceTitle "CBM 215 Extra"]
[Source "ChessBase"]
[SourceDate "2023.09.30"]
[SourceVersion "1"]
[SourceVersionDate "2023.09.30"]
[SourceQuality "1"]

1. d4 Nf6 2. c4 e6 3. a3 d5 4. cxd5 exd5 5. Nc3 c6 6. Bf4 Bd6 7. Bxd6 Qxd6 8. e3 Bf5 9. Qf3 Bg6 10. h4 h6 11. Nge2 Nbd7 12. Nf4 Bh7 13. Bd3 0-0 14. Bxh7+ Kxh7 15. g4 Rae8 16. 0-0-0 b5 17. g5 b4 18. axb4 Ne4 19. Nd3 a5 20. bxa5 c5 21. Qf5+ g6 22. Qxd5 Qxd5 23. Nxd5 c4 24. Nc5 Ndxc5 25. dxc5 Rc8 26. Nb6 Rc7 27. Rd4 Nxf2 28. Rf1 Nd3+ 29. Kb1 Ne5 30. Rd5 Nc6 31. Nd7 Rd8 32. Nf6+ Kg7 33. Rxd8 1-0

[Event "HUN-ch Rapid"]
[Site "Ajka"]
[Date "2023.07.23"]
[Round "12"]
[White "Hera, Imre Jr"]
[Black "Vanczak, Tamas"]
[Result "0-1"]
[WhiteElo "2547"]
[BlackElo "2408"]
[PlyCount "66"]
[EventDate "2023.07.21"]
[EventType "swiss (rapid)"]
[EventRounds "13"]
[EventCountry "HUN"]
[SourceTitle "CBM 215 Extra"]
[Source "ChessBase"]
[SourceDate "2023.09.30"]
[SourceVersion "1"]
[SourceVersionDate "2023.09.30"]
[SourceQuality "1"]

1. Nf3 f5 2. g3 Nf6 3. Bg2 g6 4. b3 Bg7 5. Bb2 0-0 6. d4 d6 7. 0-0 c6 8. c4 Qe8 9. Qc2 Nbd7 10. Nbd2 e5 11. dxe5 dxe5 12. e4 Nc5 13. Ba3 b6 14. Rfe1 fxe4 15. Bxc5 bxc5 16. Ng5 Bf5 17. Ngxe4 Rd8 18. Qc3 Qe7 19. Nxf6+ Qxf6 20. Qe3 e4 21. Nxe4 Qxa1 22. Rxa1 Bxa1 23. h4 Rde8 24. Kh2 Bd4 25. Qd3 Bxf2 26. g4 Bxe4 27. Bxe4 Bd4 28. Kg3 Rf6 29. h5 Rfe6 30. Bf3 Re3 31. Qb1 Rf8 32. hxg6 Rfxf3+ 33. Kh4 h6 0-1

[Event "HUN-ch Rapid"]
[Site "Ajka"]
[Date "2023.07.22"]
[Round "6"]
[White "Hera, Imre Jr"]
[Black "Farkas, Gabor"]
[Result "1-0"]
[WhiteElo "2547"]
[BlackElo "2309"]
[PlyCount "93"]
[EventDate "2023.07.21"]
[EventType "swiss (rapid)"]
[EventRounds "13"]
[EventCountry "HUN"]
[SourceTitle "CBM 215 Extra"]
[Source "ChessBase"]
[SourceDate "2023.09.30"]
[SourceVersion "1"]
[SourceVersionDate "2023.09.30"]
[SourceQuality "1"]

1. c4 c5 2. Nc3 g6 3. g3 Nf6 4. Bg2 Bg7 5. d3 d6 6. e3 Nc6 7. Nge2 h5 8. h3 Bd7 9. b3 Rb8 10. Bb2 a6 11. Ne4 Ne5 12. Nxf6+ Bxf6 13. d4 Nc6 14. Qd2 0-0 15. 0-0 Qc8 16. Nf4 Bg7 17. Kh2 b5 18. dxc5 dxc5 19. Bxg7 Kxg7 20. cxb5 axb5 21. Qc3+ e5 22. Nd3 c4 23. bxc4 bxc4 24. Qxc4 Ne7 25. Qxc8 Rfxc8 26. Nxe5 Ba4 27. Kg1 Rb2 28. Rfb1 Rd2 29. Rb4 Be8 30. Nc4 Rdd8 31. a4 Nc6 32. Rb7 Nd4 33. Nb6 Ne2+ 34. Kh2 Rc2 35. Be4 Rc5 36. a5 Nc3 37. Bg2 Rd2 38. Kg1 Ne2+ 39. Kh1 Rcc2 40. Be4 Ra2 41. Rxa2 Rxa2 42. Nc4 Ra4 43. Nd6 Rxe4 44. Nxe4 Bc6 45. Rb4 f5 46. a6 Nc3 47. Rc4 1-0

[Event "HUN-ch Rapid"]
[Site "Ajka"]
[Date "2023.07.22"]
[Round "7"]
[White "Krstulovic, Alex"]
[Black "Hera, Imre Jr"]
[Result "1/2-1/2"]
[WhiteElo "2435"]
[BlackElo "2547"]
[PlyCount "188"]
[EventDate "2023.07.21"]
[EventType "swiss (rapid)"]
[EventRounds "13"]
[EventCountry "HUN"]
[SourceTitle "CBM 215 Extra"]
[Source "ChessBase"]
[SourceDate "2023.09.30"]
[SourceVersion "1"]
[SourceVersionDate "2023.09.30"]
[SourceQuality "1"]

1. d4 d5 2. c4 c6 3. cxd5 cxd5 4. Bf4 Nf6 5. e3 Nc6 6. Nc3 a6 7. Be2 e6 8. Nf3 Be7 9. h3 0-0 10. 0-0 b5 11. Rc1 Bb7 12. Ne5 Nxe5 13. Bxe5 Rc8 14. a4 b4 15. Na2 Qb6 16. Qb3 Ne4 17. Rfd1 a5 18. Rxc8 Rxc8 19. Rc1 Rxc1+ 20. Nxc1 Qc6 21. Qd1 Bh4 22. g3 Bd8 23. Bb5 Qb6 24. Qc2 f6 25. Bb8 Ba6 26. Qc6 Qxc6 27. Bxc6 Nd2 28. b3 Kf7 29. Ba7 Bc7 30. Bb5 Bb7 31. Kg2 e5 32. f3 Ke6 33. Kf2 e4 34. f4 g5 35. Bc5 gxf4 36. exf4 Bc8 37. Ke3 Nf3 38. Be2 Ng1 39. Bf1 Kf7 40. h4 Nf3 41. Bb5 Nh2 42. Ne2 Ng4+ 43. Kd2 Bf5 44. Kc2 Ke6 45. Ba6 Kd7 46. Bb5+ Ke6 47. Ba6 e3+ 48. Kb2 Kd7 49. Bb5+ Ke6 50. Ba6 Kf7 51. Nc1 Nf2 52. Be2 Be4 53. Bh5+ Ke6 54. Be2 Nh1 55. g4 Bxf4 56. Bb6 Ng3 57. Bxa5 Bd6 58. Ba6 Bf3 59. Nd3 Kd7 60. Nxb4 e2 61. Bb5+ Kc8 62. Ba6+ Kb8 63. Nc6+ Ka8 64. g5 fxg5 65. hxg5 Ne4 66. Ne5 Bh5 67. Bb5 Nxg5 68. Bc6+ Ka7 69. Bxd5 Bxe5 70. dxe5 Nf3 71. Bxf3 Bxf3 72. Be1 Kb6 73. b4 Kc6 74. Kc3 Kd5 75. Bg3 h5 76. b5 h4 77. Bxh4 Kxe5 78. Kb4 Kd6 79. Bg3+ Kd7 80. Ka5 Kc8 81. Kb6 e1Q 82. Bxe1 Kb8 83. Bg3+ Ka8 84. Kc7 Be2 85. b6 Ba6 86. a5 Bb7 87. Kd6 Ba6 88. Kc6 Bb7+ 89. Kb5 Bf3 90. Bh4 Kb8 91. a6 Kc8 92. Kc5 Bg2 93. b7+ Bxb7 94. axb7+ Kxb7 1/2-1/2

[Event "HUN-ch Rapid"]
[Site "Ajka"]
[Date "2023.07.21"]
[Round "1"]
[White "Szalay Ocsak, Bank"]
[Black "Hera, Imre Jr"]
[Result "1/2-1/2"]
[WhiteElo "2102"]
[BlackElo "2547"]
[PlyCount "119"]
[EventDate "2023.07.21"]
[EventType "swiss (rapid)"]
[EventRounds "13"]
[EventCountry "HUN"]
[SourceTitle "CBM 215 Extra"]
[Source "ChessBase"]
[SourceDate "2023.09.30"]
[SourceVersion "1"]
[SourceVersionDate "2023.09.30"]
[SourceQuality "1"]

1. e4 c5 2. Nf3 e6 3. c4 Nc6 4. Nc3 e5 5. Be2 g6 6. a3 Bg7 7. b4 d6 8. 0-0 Nge7 9. d3 0-0 10. bxc5 dxc5 11. Nd5 h6 12. Ne1 Nd4 13. Nc2 Nb3 14. Rb1 Nxc1 15. Qxc1 Nc6 16. f4 exf4 17. Qxf4 b6 18. Nce3 Nd4 19. Bd1 f5 20. exf5 Bxf5 21. Nxf5 Rxf5 22. Qe4 Rxf1+ 23. Kxf1 Qf8+ 24. Bf3 Re8 25. Qg4 Re5 26. Re1 h5 27. Qg3 Rxe1+ 28. Kxe1 Nxf3+ 29. Qxf3 Qxf3 30. gxf3 Be5 31. f4 Bd6 32. Ke2 Kf7 33. Kf3 Ke6 34. Ke4 g5 35. f5+ Kf7 36. h3 g4 37. hxg4 hxg4 38. a4 Kg7 39. Ke3 Kh6 40. Nc3 Be5 41. Ne4 Kh5 42. Kf2 Kh4 43. Kg2 Kh5 44. Kf2 g3+ 45. Kf3 Kh4 46. f6 Kh5 47. f7 Bg7 48. Kxg3 Kg6 49. Kf4 Kxf7 50. Kf5 Ke7 51. Ng3 Kd6 52. Ke4 Kc6 53. Nf5 Bf8 54. d4 cxd4 55. Nxd4+ Kb7 56. Kd5 Bg7 57. Nb3 Bf8 58. c5 bxc5 59. Nxc5+ Kc8 60. Kc6 1/2-1/2

[Event "HUN-chT 2223"]
[Site "Hungary"]
[Date "2023.02.19"]
[Round "6.2"]
[White "Hera, Imre Jr"]
[Black "Paschall, William M"]
[Result "1-0"]
[WhiteElo "2561"]
[BlackElo "2343"]
[PlyCount "89"]
[EventDate "2022.11.20"]
[EventType "team-tourn"]
[EventRounds "9"]
[EventCountry "HUN"]
[SourceTitle "CBM 213 Extra"]
[Source "ChessBase"]
[SourceDate "2023.05.31"]
[SourceVersion "1"]
[SourceVersionDate "2023.05.31"]
[SourceQuality "1"]
[WhiteTeam "Haladas"]
[BlackTeam "Hetenyi Geza"]
[WhiteTeamCountry "HUN"]
[BlackTeamCountry "HUN"]

1. d4 Nf6 2. c4 e6 3. Nc3 Bb4 4. Qc2 b6 5. e4 c5 6. d5 Qe7 7. Nge2 exd5 8. exd5 d6 9. f3 Nbd7 10. Bd2 Ne5 11. a3 Bxc3 12. Bxc3 b5 13. 0-0-0 bxc4 14. Ng3 0-0 15. f4 Nd3+ 16. Bxd3 cxd3 17. Qxd3 Ng4 18. Rde1 Qh4 19. Qf3 Bd7 20. h3 Nh6 21. Ne4 Nf5 22. Qg4 Qxg4 23. hxg4 Nd4 24. f5 Ba4 25. f6 Rfe8 26. fxg7 Kxg7 27. Nxd6 Rxe1+ 28. Rxe1 Kg6 29. Bxd4 cxd4 30. Re4 Rd8 31. Rxd4 Bb3 32. Nf5 a5 33. Kd2 Kf6 34. Ne3 Ke5 35. Kd3 Rb8 36. Re4+ Kd6 37. Kd4 Rb5 38. Rf4 Ke7 39. Rf5 Ke8 40. d6 Rxf5 41. gxf5 Kd7 42. Ke5 a4 43. Ng4 Kc6 44. Nh6 Kd7 45. g4 1-0

[Event "HUN-chT 2223"]
[Site "Hungary"]
[Date "2023.01.29"]
[Round "4.4"]
[White "Hera, Imre Jr"]
[Black "Korpa, Bence"]
[Result "1/2-1/2"]
[WhiteElo "2561"]
[BlackElo "2500"]
[PlyCount "34"]
[EventDate "2022.11.20"]
[EventType "team-tourn"]
[EventRounds "9"]
[EventCountry "HUN"]
[SourceTitle "CBM 213 Extra"]
[Source "ChessBase"]
[SourceDate "2023.05.31"]
[SourceVersion "1"]
[SourceVersionDate "2023.05.31"]
[SourceQuality "1"]
[WhiteTeam "Haladas"]
[BlackTeam "Ajka Sentimento"]
[WhiteTeamCountry "HUN"]
[BlackTeamCountry "HUN"]

1. d4 Nf6 2. c4 e6 3. g3 d5 4. Bg2 Be7 5. Nf3 0-0 6. 0-0 dxc4 7. Ne5 Nc6 8. Bxc6 bxc6 9. Nxc6 Qe8 10. Nxe7+ Qxe7 11. Qa4 e5 12. dxe5 Qxe5 13. Qxc4 Be6 14. Qc2 Bf5 15. Qc4 Be6 16. Qc2 Bf5 17. Qc4 Be6 1/2-1/2

[Event "Thessaloniki White Tower op-A 43rd"]
[Site "Thessaloniki"]
[Date "2023.01.05"]
[Round "5"]
[White "Tsaknakis, Zisis"]
[Black "Hera, Imre Jr"]
[Result "0-1"]
[WhiteElo "2304"]
[BlackElo "2556"]
[PlyCount "74"]
[EventDate "2023.01.02"]
[EventType "swiss"]
[EventRounds "9"]
[EventCountry "GRE"]
[SourceTitle "CBM 212 Extra"]
[Source "ChessBase"]
[SourceDate "2023.03.31"]
[SourceVersion "1"]
[SourceVersionDate "2023.03.31"]
[SourceQuality "1"]

1. e4 Nf6 2. e5 Nd5 3. c4 Nb6 4. d4 d6 5. exd6 cxd6 6. Nc3 g6 7. Be3 Bg7 8. Rc1 0-0 9. b3 Bf5 10. g4 Bd7 11. Bg2 Nc6 12. d5 Nb4 13. a3 Na6 14. h3 f5 15. Nf3 Nc5 16. b4 Nca4 17. Nxa4 Nxa4 18. Bd4 Rc8 19. Bxg7 Kxg7 20. gxf5 Rxf5 21. 0-0 Qf8 22. c5 Nb2 23. Qd2 Qf6 24. c6 bxc6 25. dxc6 Rxc6 26. Nd4 Rxf2 27. Rxf2 Rxc1+ 28. Qxc1 Qxf2+ 29. Kxf2 Nd3+ 30. Ke3 Nxc1 31. Bd5 e5 32. Nf3 Bb5 33. Be6 Ne2 34. a4 Nf4 35. Bb3 Bd7 36. h4 Kf6 37. Ke4 d5+ 0-1

[Event "BL2-Sued 2223"]
[Site "Germany"]
[Date "2022.11.25"]
[Round "6.1"]
[White "Acs, Peter"]
[Black "Hera, Imre Jr"]
[Result "1/2-1/2"]
[WhiteElo "2572"]
[BlackElo "2560"]
[PlyCount "51"]
[EventDate "2022.10.22"]
[EventType "team-tourn"]
[EventRounds "9"]
[EventCountry "GER"]
[SourceTitle "EXT 2024"]
[Source "ChessBase"]
[SourceDate "2023.10.10"]
[SourceVersion "1"]
[SourceVersionDate "2023.10.10"]
[SourceQuality "1"]
[WhiteTeam "Eppingen"]
[BlackTeam "Speyer Schwegenheim"]
[WhiteTeamCountry "GER"]
[BlackTeamCountry "GER"]

1. e4 e5 2. Nf3 Nc6 3. d4 exd4 4. Nxd4 Qf6 5. Be3 Bc5 6. c3 Nge7 7. Bb5 0-0 8. 0-0 d6 9. Kh1 Bb6 10. a4 Nxd4 11. cxd4 c6 12. Be2 d5 13. e5 Qg6 14. a5 Bc7 15. Ra3 f6 16. f4 Nf5 17. Bg1 fxe5 18. fxe5 Be6 19. b4 Qg5 20. Nd2 Nh4 21. Rg3 Rxf1 22. Nxf1 Qe7 23. Bd3 Bf5 24. Be3 Bxd3 25. Qxd3 Rf8 26. a6 1/2-1/2

[Event "HUN-chT 2223"]
[Site "Hungary"]
[Date "2022.11.20"]
[Round "1.2"]
[White "Grigoriants, Sergey"]
[Black "Hera, Imre Jr"]
[Result "1/2-1/2"]
[WhiteElo "2550"]
[BlackElo "2561"]
[PlyCount "120"]
[EventDate "2022.11.20"]
[EventType "team-tourn"]
[EventRounds "9"]
[EventCountry "HUN"]
[SourceTitle "CBM 211 Extra"]
[Source "ChessBase"]
[SourceDate "2023.01.31"]
[SourceVersion "1"]
[SourceVersionDate "2023.01.31"]
[SourceQuality "1"]
[WhiteTeam "Dunaharaszti"]
[BlackTeam "Haladas"]
[WhiteTeamCountry "HUN"]
[BlackTeamCountry "HUN"]

1. e4 e5 2. Nf3 Nf6 3. Nxe5 d6 4. Nf3 Nxe4 5. c4 Nc6 6. d3 Nf6 7. d4 d5 8. c5 Be7 9. Bb5 0-0 10. Bxc6 bxc6 11. Qa4 a5 12. 0-0 Ba6 13. Re1 Bb5 14. Qc2 Ne4 15. Nc3 Nxc3 16. Qxc3 a4 17. Bf4 f6 18. Re6 Rf7 19. Rae1 Bf8 20. Nd2 Qd7 21. h3 Re7 22. Rxe7 Bxe7 23. Qg3 Rc8 24. Nb1 Kf7 25. Nc3 g5 26. Nxb5 cxb5 27. Qd3 Rh8 28. Bh2 c6 29. f4 g4 30. f5 Rg8 31. Re6 h5 32. Bf4 Bd8 33. hxg4 hxg4 34. Qe2 Bc7 35. Bd6 Bd8 36. Bf4 Bc7 37. Bxc7 Qxc7 38. Rd6 Qc8 39. Qe6+ Qxe6 40. fxe6+ Ke7 41. Kf2 a3 42. bxa3 Ra8 43. Kg3 Rxa3+ 44. Kxg4 Rxa2 45. g3 b4 46. Rxc6 b3 47. Rb6 Rb2 48. Kf3 Rb1 49. Ke2 b2 50. Kd2 Rg1 51. Rxb2 Rg2+ 52. Kc3 Rxg3+ 53. Kb4 Kxe6 54. Rc2 Kd7 55. c6+ Kc7 56. Kc5 f5 57. Kxd5 Rg6 58. Ke5 Rxc6 59. Rxc6+ Kxc6 60. Kxf5 Kd5 1/2-1/2

[Event "GRE-chT 49th"]
[Site "Thessaloniki"]
[Date "2022.08.15"]
[Round "5"]
[White "Hera, Imre Jr"]
[Black "Bizopoulos, Alexandros"]
[Result "1-0"]
[WhiteElo "2568"]
[BlackElo "2038"]
[PlyCount "115"]
[EventDate "2022.08.12"]
[EventType "team-swiss"]
[EventRounds "7"]
[EventCountry "GRE"]
[SourceTitle "EXT 2024"]
[Source "ChessBase"]
[SourceDate "2023.10.10"]
[SourceVersion "1"]
[SourceVersionDate "2023.10.10"]
[SourceQuality "1"]
[WhiteTeam "Eso Papafe Chronikon"]
[BlackTeam "Kalamarias"]
[WhiteTeamCountry "GRE"]
[BlackTeamCountry "GRE"]

1. Nf3 Nf6 2. g3 g6 3. b3 Bg7 4. Bb2 0-0 5. Bg2 d6 6. d4 d5 7. 0-0 Nbd7 8. c4 c6 9. Nbd2 b6 10. Qc2 Bb7 11. Rad1 Rc8 12. e4 Nxe4 13. Nxe4 dxe4 14. Qxe4 Rc7 15. Bc1 c5 16. d5 e6 17. Bg5 Qa8 18. Qf4 e5 19. Qc1 f6 20. Be3 Nb8 21. Nd2 Na6 22. f4 Nb4 23. Qb1 f5 24. fxe5 Bxe5 25. Nf3 Bg7 26. Bf4 Rd7 27. a3 Nxd5 28. cxd5 Bxd5 29. Qc2 Rfd8 30. Ne5 Bxg2 31. Rxd7 Rxd7 32. Qxg2 Qxg2+ 33. Kxg2 Bxe5 34. Bxe5 Rd3 35. Rf3 Rd2+ 36. Rf2 Rd3 37. Rb2 Kf7 38. a4 a6 39. Kf1 Rd1+ 40. Ke2 Rh1 41. Kd3 Re1 42. Re2 Rb1 43. Kc2 Rh1 44. h4 Rf1 45. Bf4 Rf3 46. Re3 Rf2+ 47. Kc3 Rf1 48. Kc4 Rd1 49. Bc7 Rd4+ 50. Kc3 b5 51. a5 Rd5 52. Bf4 c4 53. bxc4 Rc5 54. Kd4 Rxc4+ 55. Kd5 Ra4 56. Bc7 Rc4 57. Bd6 h6 58. Re7+ 1-0

[Event "Thessaloniki SKG op-A 1st"]
[Site "Thessaloniki"]
[Date "2022.08.10"]
[Round "9.2"]
[White "Hera, Imre Jr"]
[Black "Triantafilidis, Mihail"]
[Result "1-0"]
[WhiteElo "2568"]
[BlackElo "1991"]
[PlyCount "63"]
[EventDate "2022.08.03"]
[EventType "swiss"]
[EventRounds "9"]
[EventCountry "GRE"]
[SourceTitle "CBM 210 Extra"]
[Source "ChessBase"]
[SourceDate "2022.11.30"]
[SourceVersion "1"]
[SourceVersionDate "2022.11.30"]
[SourceQuality "1"]

1. c4 Nf6 2. g3 c5 3. Bg2 Nc6 4. Nc3 g6 5. d3 Bg7 6. e3 0-0 7. Nge2 b6 8. 0-0 Bb7 9. e4 Ne8 10. f4 Nc7 11. g4 Nd4 12. f5 e6 13. Ng3 Qh4 14. Bf4 e5 15. Be3 Bh6 16. Bf2 Bf4 17. Nce2 Nxe2+ 18. Qxe2 Na6 19. Be1 Qh6 20. Rxf4 exf4 21. Bd2 Nb4 22. Rf1 g5 23. Nh5 Nc6 24. h4 Nd4 25. Qd1 f6 26. Rxf4 Rae8 27. Rf2 Kf7 28. Qa4 Bc6 29. Qxa7 Rb8 30. Qc7 Ke7 31. e5 Bxg2 32. exf6+ 1-0

[Event "Thessaloniki SKG op-A 1st"]
[Site "Thessaloniki"]
[Date "2022.08.07"]
[Round "6.1"]
[White "Trimitzios, Petros"]
[Black "Hera, Imre Jr"]
[Result "0-1"]
[WhiteElo "2369"]
[BlackElo "2568"]
[PlyCount "90"]
[EventDate "2022.08.03"]
[EventType "swiss"]
[EventRounds "9"]
[EventCountry "GRE"]
[SourceTitle "CBM 210 Extra"]
[Source "ChessBase"]
[SourceDate "2022.11.30"]
[SourceVersion "1"]
[SourceVersionDate "2022.11.30"]
[SourceQuality "1"]

1. d4 d5 2. c4 e6 3. Nf3 Nf6 4. g3 dxc4 5. Bg2 Bb4+ 6. Bd2 a5 7. Qc2 Bxd2+ 8. Nbxd2 b5 9. a4 c6 10. Ne5 Nd5 11. 0-0 0-0 12. Ne4 f6 13. Nf3 Nd7 14. Rfd1 Qe7 15. Nc3 b4 16. Ne4 Ba6 17. h4 Rab8 18. Rac1 f5 19. Neg5 h6 20. e4 b3 21. Qe2 Nb4 22. Nh3 c3 23. Qe3 c2 24. Re1 fxe4 25. Qxe4 Nd3 26. Nf4 Nf6 27. Qe3 Ng4 28. Qd2 Ngxf2 29. Ng6 Qb4 30. Qe3 Rf6 31. Nge5 Nxe1 32. Nxe1 Nd1 33. Qe4 Qd2 34. Nd7 Rbf8 35. Nxf8 Qxc1 36. Qh7+ Kxf8 37. Qh8+ Kf7 38. Bxc6 Qe3+ 39. Kh2 Rf2+ 40. Ng2 Rxg2+ 41. Kxg2 Bf1+ 42. Kh1 Nf2+ 43. Kh2 Ng4+ 44. Kh1 Bg2+ 45. Kxg2 Qf2+ 0-1

[Event "HUN-ch Rapid"]
[Site "Ajka"]
[Date "2022.07.17"]
[Round "13"]
[White "Kiss, Pal"]
[Black "Hera, Imre Jr"]
[Result "0-1"]
[WhiteElo "2243"]
[BlackElo "2568"]
[PlyCount "46"]
[EventDate "2022.07.15"]
[EventType "swiss (rapid)"]
[EventRounds "13"]
[EventCountry "HUN"]
[SourceTitle "CBM 209 Extra"]
[Source "ChessBase"]
[SourceDate "2022.09.30"]
[SourceVersion "1"]
[SourceVersionDate "2022.09.30"]
[SourceQuality "1"]

1. d4 Nf6 2. c4 e6 3. Nf3 b6 4. g3 Bb7 5. Bg2 c5 6. d5 exd5 7. Nh4 g6 8. Nc3 Bg7 9. 0-0 0-0 10. Bg5 h6 11. Bxf6 Qxf6 12. Nxd5 Bxd5 13. Qxd5 Nc6 14. Qxd7 Rac8 15. Rad1 Nd4 16. Qxa7 g5 17. Nf3 Nxe2+ 18. Kh1 Ra8 19. Qb7 Rxa2 20. Rd2 Rxb2 21. Rxb2 Qxb2 22. Ng1 Nc3 23. Re1 Qxf2 0-1